000 00384nam a22001571a 4500
020 _a9781856196659
082 _a823
_bRIC/W
100 _aRichard Dooling
245 _aWhite Man's Grave/
_cby Richard Dooling
260 _aLondon:
_bSinclair-Stevenson,
_c1995.
300 _a386p.
650 _aNovel English
650 _aLiterature English
650 _aLiterature
942 _cBK
999 _c50832
_d50832